000 01204cam a2200217 a 4500
020 _a0784401462
022 _a0784401462
082 0 0 _a629.04
_bAPP
_cL-39, P-186
245 0 0 _aApplications of advanced technologies in transportation engineering :
_bproceedings of the 4th international conference, Capri, Italy, June 27-30, 1995 /
_csponsored by the Committee of Advanced Technology of the Urban Transportation Division and the Highway Division of the American Society of Civil Engineers ; co-sponsored by the CNR-IASI, CNR-PFT2, the U.S. Federal Highway Administration ; edited by Yorgos J. Stephanedes and Francesco Filippi.
260 _aNew York, N.Y. :
_bASCE,
_cc1996.
300 _axviii, 724 p. :
_bill., maps ;
_c22 cm.
526 _a0
_b0
_c0
_d629_040000000000000_APP
650 0 _aElectronics in transportation
_xCongresses.
_944291
650 0 _aMotor vehicles
_xAutomatic location systems
_xCongresses.
_944292
650 0 _aTransportation engineering
_xCongresses.
_944293
700 1 _aFilippi, Francesco.
_944294
700 1 _aStephanedes, Yorgos J.
_944295
710 2 _aAmerican Society of Civil Engineers.
_9702
710 2 _aAmerican Society of Civil Engineers.
_9702
942 _2ddc
_cBK
999 _c548120
_d548120